Logo BPK

Biblioteka

Politechniki Koszalińskiej

Electrical conductivity in ceramics and glass. Part A / (Rekord nr 26154)

Szczegóły MARC
000 -ETYKIETA REKORDU
podpole kontrolne o stałej długości 00504nam a2200169 i 4500
001 - NUMER KONTROLNY REKORDU
pole kontrolne bg
040 ## - ŹRÓDŁO KATALOGOWANIA
Instytucja, która utworzyła rekord BPK
041 ## - KOD JĘZYKA
Kod języka tekstu pol
080 ## - UNIWERSALNA KLASYFIKACJA DZIESIĘTNA - UKD
UKD 621.38:666
008 - POLE O STAŁEJ DŁUGOŚCI - DANE KONTROLNE
podpole kontrolne o stałej długości s pl f |000 0 pol
245 #0 - TYTUŁ/ODPOWIEDZIALNOŚĆ
Tytuł Electrical conductivity in ceramics and glass. Part A /
Pozostałe elementy strefy tytułu i oznaczenia odpowiedzialności ed. by N.M. Tallan.
260 ## - STREFA ADRESU WYDAWNICZEGO
Miejsce wydania Nev York :
Nazwa wydawcy/dystrybutora Marcel Dekker,
Data publikacji, dystrybucji/powstania dokumentu 1974.
490 1# - STREFA SERII I DOKUMENTU WIELOCZĘŚCIOWEGO - FORMA NIE DO WYSZUKIWANIA
Tytuł i oznaczenie odpowiedzialności serii Ceramic and Glass: Science and Technology
700 1# - HASŁO DODATKOWE - NAZWA OSOBOWA
Nazwa osobowa Tallan, N. M.
Określenie związku między hasłem a opisywanym materiałem Red.
830 ## - HASŁO DODATKOWE SERII LUB DOKUMENTU WIELOCZĘŚCIOWEGO - TYTUŁ UJEDNOLICONY
Tytuł ujednolicony Ceramic and Glass: Science and Technology
856 ## - LOKALIZACJA I DOSTĘP DO ELEKTRONICZNYCH DOKUMENTÓW ZDALNYCH
Link (URL) http://koha.tu.koszalin.pl/cgi-bin/koha/opac-detail.pl?biblionumber=26154
Tekst linku Katalog online BPK
942 ## - DODATKOWE ELEMENTY (KOHA)
Typ dokumentu Książka
Egzemplarze
Wycofany Status egzemplarza Uszkodzony Dostępność Lokalizacja stała Lokalizacja bieżąca Miejsce przechowywania Sygnatura Kod kreskowy Typ dokumentu
      Dostępny Biblioteka Politechniki Koszalińskiej Biblioteka Politechniki Koszalińskiej Wypożyczalnia BG 17316 01711066 Książka
      Dostępny Biblioteka Politechniki Koszalińskiej Biblioteka Politechniki Koszalińskiej Wypożyczalnia BG 25921 01925883 Książka
© 2023 Biblioteka Politechniki Koszalińskiej :: KOHA